Derechos sobre si pueden los religiosos de la Compañía aprovecharse de la bula de la cruzada para los casos reservados en ella

Detalles Bibliográficos
Otros Autores: Francisco Curiel, Francisco Sánchez, Luis de León, Juan de Guevara, Alonso de Mendoza, Alonso de Luna
Formato: Libro
Publicado: Salamanca, s.f.
Materias:
Colección:Banco de datos
Acervo:Biblioteca Palafoxiana. Colección de Manuscritos
Descripción Física:1 f. ; 21 x 30 cm.
Tema general:Civil
LEADER 00627nam a22002050004500
035 |a 1485 
245 1 0 |a Derechos sobre si pueden los religiosos de la Compañía aprovecharse de la bula de la cruzada para los casos reservados en ella 
260 |a Salamanca, s.f. 
300 |a 1 f. ; 21 x 30 cm.  
650 1 0 |a Civil 
700 1 |a Francisco Curiel 
700 1 |a Francisco Sánchez 
700 1 |a Luis de León 
700 1 |a Juan de Guevara 
700 1 |a Alonso de Mendoza 
700 1 |a Alonso de Luna 
949 |a 32280/240 
942 |c PALAMANU 
943 |g Biblioteca Palafoxiana. Colección de Manuscritos 
999 |c 1069430  |d 1069430